Представление документа в формате RUSMARC

ПолеНазваниеЗначение
  Тип записи a
  Библиографический уровень a
001 Контрольный номер RU/УОНБ/EK_Kray/396546179
005 Дата корректировки 20240131004922.4
100 Данные общей обработки __
a Данные общей обработки 20120725d2012 ||| 0rusy0189 ca
101 Язык документа 0_
a Язык текста rus
102 Страна публикации __
a Страна публикации RU
105 Кодированные данные (монография) __
a Кодированные данные (монография) y###||||000|y
200 Заглавие и сведения об ответственности 1_
a Заглавие Первая Ефремовская
215 Физическое описание __
c Иллюстрации/тип воспроизводства 1 фот.
330 Аннотация __
a Аннотация Медаль имени И.А. Ефремова. Изготовлена из симбирцита. Вручение наград лауреатам - писателям-фантастам.
461 Уровень набора _0
1 2000
a Литературный Ульяновск
1 011
463 Уровень физической единицы _0
1 001RU/УОНБ/EK_Kray/395339130
1 2000
a № 3/4 (9/10)
v С. 200-201
1 210
d 2008
600 Персоналии _1
a Персоналии (Фамилия) Ефремов, Иван Антонович
610 Ключевые слова 0_
a Ключевые слова симбирцит
610 Ключевые слова 0_
a Ключевые слова фантастика
686 Индексы других классификаций __
a Классификационный индекс 83
2 Код системы rubbk
801 Источник записи _0
a Страна RU
b Организация Ульяновская ОНБ
c Дата составления 20120725
g Правила каталогизации RCR
801 Источник записи _1
a Страна RU
b Организация Ульяновская ОНБ
c Дата составления 20120725
g Правила каталогизации RCR
856 Электронный адрес документа __
u Универсальный указатель ресурса (URL) http://simlib.ru/handle/123456789/1688
900 Электронные ресурсы __
a Имя электронного ресурса 2008_3_4
901 Тип документа __
t Тип документа b
w Контрольный № источника RU/УОНБ/EK_Kray/395339130
909 Создатель записи __
a Создатель записи Деричева
938 Служебная информация __
a Имя БД kraeved_work
b Имя библиотеки УОНБ
c Имя АИБС МАРК-SQL
d Номер DOC_ID в БД 89670